Southville International School and Colleges
Your cart is empty.
  • Cart
  • Lists
    Public lists Eva Luna New books Lux_list list_1
    Your lists Log in to create your own lists
  • Log in to your account
  • Your cookies
  • Search history
Southville International School and Colleges
  • Advanced search
  • Recent comments
  • Most popular
  • Libraries

Log in to your account

Log in with GOOGLE


If you do not have an external account, but do have a local account, you can still log in:

  1. Home
  2. MARC view: Enterprise 2.0 :
Normal view MARC view ISBD view

Enterprise 2.0 : (Record no. 117493)

[ view plain ]
MARC details
000 -LEADER
fixed length control field 00621nam a2200193Ia 4500
008 - FIXED-LENGTH DATA ELEMENTS--GENERAL INFORMATION
fixed length control field 140527s9999 xx 000 0 und d
020 ## - INTERNATIONAL STANDARD BOOK NUMBER
International Standard Book Number 9781422125878
050 ## - LIBRARY OF CONGRESS CALL NUMBER
Classification number HD 30.2
Item number .M387 2009
100 ## - MAIN ENTRY--PERSONAL NAME
Personal name McAfee, Andrew.
245 ## - TITLE STATEMENT
Title Enterprise 2.0 :
Remainder of title new collaborative tools for your organization's toughest challenges /
Statement of responsibility, etc Andrew McAfee
260 ## - PUBLICATION, DISTRIBUTION, ETC. (IMPRINT)
Place of publication, distribution, etc Boston, Mass. :
Name of publisher, distributor, etc Harvard Business Press,
Date of publication, distribution, etc c2009.
300 ## - PHYSICAL DESCRIPTION
Extent 231 p. ;
Dimensions 24 cm.
500 ## - GENERAL NOTE
General note Includes bibliographical references and index.
521 ## - TARGET AUDIENCE NOTE
Target audience note
650 ## - SUBJECT ADDED ENTRY--TOPICAL TERM
Topical term or geographic name as entry element Online social networks.
650 ## - SUBJECT ADDED ENTRY--TOPICAL TERM
Topical term or geographic name as entry element Web 2.0.
942 ## - ADDED ENTRY ELEMENTS (KOHA)
Call number prefix Foreign
Koha item type Books
Holdings
Withdrawn status Lost status Source of classification or shelving scheme Damaged status Home library Current library Shelving location Date acquired Source of acquisition Cost, normal purchase price Total Checkouts Full call number Barcode Date last seen Price effective from Koha item type
    Library of Congress Classification   College Library College Library General Circulation Section 05/28/2014 Donation 1688.00   HD 30.2 .M387 2009 C18101 05/15/2018 05/28/2014 Books

Enterprise 2.0 :

APA

McAfee A., . (2009). Enterprise 2.0. Boston, Mass: Harvard Business Press.

Chicago

McAfee Andrew, . 2009. Enterprise 2.0. Boston, Mass: Harvard Business Press.

Harvard

McAfee A., . (2009). Enterprise 2.0. Boston, Mass: Harvard Business Press.

MLA

McAfee Andrew, . Enterprise 2.0. Boston, Mass: Harvard Business Press. 2009.

  • Place hold
  • Print
  • Cite
  • Add to your cart (remove)
  • Save record
    BIBTEX Dublin Core MARCXML MARC (non-Unicode/MARC-8) MARC (Unicode/UTF-8) MARC (Unicode/UTF-8, Standard) MODS (XML) RIS
  • More searches
    Search for this title in:
    Other Libraries (WorldCat) Other Databases (Google Scholar) Online Stores (Bookfinder.com) Open Library (openlibrary.org)

Exporting to Dublin Core...

SOUTHVILLE LIBRARY

Southville International School and Colleges Library

1281 Tropical Ave. Cor. Luxembourg St., BF Homes International, Las Pinas City

Tel. No. 8256374 / 252358 Loc. 117/146

Powered by Koha